000 00662nam a2200217 a 4500
001 58102
003 BD-RjUL
005 20211209080603.0
008 161215s1984 sud||||| |||| 00| 0 eng d
035 _a(BD-RjUL)58226
040 _aBD-RjUL
_beng
_cBD-RjUL
041 _aeng
082 _223
_a338.5024658
_bTRM 1984
100 _a Truett, Lila J
_9172582
245 _aManagerial economics :
_banalysis, problems, cases /
_c Lila J Truett; Dale B Truett
250 _a2nd ed.
260 _aCincinnati :
_bSouth-Western Pub. Co.,
_c ©1984.
300 _aviii, 487 p. :
_b illustrations ;
_c24 cm
650 _aManagerial economics.
_9172583
942 _2ddc
_cBK
999 _c58102
_d58102